| 000 | 00865cam a22002773a 4500 | ||
|---|---|---|---|
| 001 | 29815 | ||
| 003 | PGUSA | ||
| 005 | 20140828083638.0 | ||
| 008 | 090826s2009||||xxu|||||s|||||000 | eng d | ||
| 040 |
_aPGUSA _beng |
||
| 042 | _adc | ||
| 050 | 4 | _aJC | |
| 100 | 1 |
_aJellinek, Georg, _d1851-1911 |
|
| 245 | 1 | 4 |
_aThe Declaration of the Rights of Man and of Citizens _h[electronic resource] / _cGeorg Jellinek |
| 260 |
_bProject Gutenberg, _c2009 |
||
| 506 | _aPublic domain in the USA. | ||
| 516 | _aElectronic text | ||
| 653 | _aNatural law | ||
| 653 | _aConstitutional history -- France | ||
| 653 | _aConstitutional history -- United States | ||
| 700 | 1 |
_aFarrand, Max, _d1869-1945 |
|
| 740 | 0 | _aErklärung der Menschen- und Bürgerrechte. English | |
| 830 | 0 |
_aProject Gutenberg _v29815 |
|
| 856 | 4 | 0 | _uhttp://www.gutenberg.org/ebooks/29815 |
| 942 | _cEB | ||
| 999 |
_c259070 _d259070 |
||